Géographie de l'Afrique par lettre - O - Statistiques

Statistiques générales
  • Ce quiz a été pris 139 fois
  • Le résultat moyen est 4 sur 8
Statistiques - réponses
Indice Réponse % Correct
Pays à l'ouest du Kenya, ayant Kampala comme capitale Ouganda
99%
Plus long fleuve d'Afrique du Sud, portant le nom d'une couleur Orange
93%
Deuxième ville d'Algérie Oran
90%
Plus grande ville du Burkina Faso Ouagadougou
83%
Animal national de la République Démocratique du Congo Okapi
36%
Autre fleuve ayant la particularité de ne pas de jeter dans la mer Okavango
13%
Langue la plus parlée en Éthiopie Oromo
8%
Monnaie de la Mauritanie Ouguiya
4%
Aucun quiz correspondant
Distribution des résultats
% des personnes avec chaque résultat
Percentile par nombre de réponses
Votre historique - résultats
Vous n’avez pas pris ce quiz